Pick a Pork Dish Quiz Stats

 Plays Quiz Updated Jul 30, 2019

Score 0/16 Timer 05:00
6 Plays Today
% Correct
Pork pie
87.2%
Pork Scratchings
72.1%
Toad in the hole
66.4%
Head cheese
60.7%
Porchetta
60%
Roast pork banh mi
57.5%
Jambonneau
54.2%
Moo shu pork
54.2%
% Correct
Bacon explosion
52.9%
Char siu
51.8%
Tonkatsu
48%
Albóndigas
47.9%
Bah kut teh
47.5%
Currywurst
44.6%
Dublin coddle
42.3%
Carne de porco à Alentejana
34.4%

You're not logged in!

Compare scores with friends on all Sporcle quizzes.
OR
Log In

Sporcle TV

Today on Sporcle TV


Watch our educational content, quiz creation guides, and fun videos on Sporcle TV.

Show Comments

Extras

Top Quizzes Today


Score Distribution

Your Account Isn't Verified!

In order to create a playlist on Sporcle, you need to verify the email address you used during registration. Go to your Sporcle Settings to finish the process.

Report this User

Report this user for behavior that violates our Community Guidelines.

Details: